Państwa w Europie z najmniejszą ludnością - Statystyki

Ogólne statystyki
  • Ten quiz został rozwiązany 320 razy
  • Średni wynik to 8 z 10
Statystyki odpowiedzi
Ludność Kraj % Poprawnych
1000 osób Watykan
98%
33 779 osób San Marino
93%
85 708 osób Andora
91%
38 547 osób Liechtenstein
89%
30 727 osób Monako
89%
605 763 osób Luksemburg
86%
449 043 osó Malta
79%
343 518 osób Islandia
68%
1 244 288 osób Estonia
66%
614 249 osób Czarnogóra
65%
Nie znaleziono quizów pasujących do podanych kryteriów
Rozkład punktacji
Procent ludzi z każdym wynikiem
Percentyl według liczby udzielonych odpowiedzi
Twoja historia wyników
Nie rozwiązałeś tego quizu